banner koha

Avicultura. Pesquisa em nutricao [milho, racao, sorgo, soja, Rio Grande do Sul, Brasil] (Registro n. 302203)

MARC details
000 -LÍDER
campo de controle de tamanho fixo 01557naa a22004337a 4500
001 - NÚMERO DE CONTROLE
campo de controle BR6008767
003 - IDENTIFICADOR DO NÚMERO DE CONTROLE
campo de controle BR-BrBNA
005 - DATA E HORÁRIO DA ÚLTIMA TRANSAÇÃO
campo de controle 20240918172940.0
007 - CAMPO FIXO DE DESCRIÇÃO FÍSICA--INFORMAÇÃO GERAL
campo de controle de tamanho fixo ta
008 - CAMPO DE DADOS FIXOS--INFORMAÇÃO GERAL
campo de controle de tamanho fixo 230509b bl.||||| |||| 00| 0 por d
040 ## - FONTE DA CATALOGAÇÃO
Instituição da catalogação original BR-BrBNA
Idioma da catalogação por
Instituição que transcreveu o registro Biblioteca Nacional de Agricultura
041 ## - CÓDIGO DE IDIOMA
Código do idioma do texto/trilha sonora ou título diferente (Pt)
072 ## - CÓDIGO DE CATEGORIA DE ASSUNTO
Código de Categoria de Assunto L30
Código do objeto 6000
-- 6100
-- 0120
-- 8954
-- 1940
-- 0336
-- G514
090 ## - NÚMERO DE CHAMADA LOCAL
Número de chamada L30 BR6008767
100 1# - ENTRADA PRINCIPAL--NOME PESSOAL
Nome pessoal Lopez, J.
100 1# - ENTRADA PRINCIPAL--NOME PESSOAL
Nome pessoal Cavalheiro, A.C.L.
100 1# - ENTRADA PRINCIPAL--NOME PESSOAL
Nome pessoal Oliveira, S.C.
100 1# - ENTRADA PRINCIPAL--NOME PESSOAL
Nome pessoal Sebastia, J.M.
100 1# - ENTRADA PRINCIPAL--NOME PESSOAL
Nome pessoal Trindade, D.S.
111 1# - ENTRADA PRINCIPAL--NOME DO EVENTO
Nome do evento ou lugar 1. Seminario de Integracao da Pesquisa Agropecuaria e Extensao Rural
Local do evento Porto Alegre, RS (Brazil)
Data do evento ou assinatura do tratado 19 Oct 1976
245 1# - TÍTULO
Título Avicultura. Pesquisa em nutricao [milho, racao, sorgo, soja, Rio Grande do Sul, Brasil]
260 3# - PUBLICAÇÃO, DISTRIBUIÇÃO, ETC.
Local de publicação, distribuição, etc. Porto Alegre, RS (Brasil):
Data da publicação, distribuição, etc. 1976.
500 ## - NOTA GERAL
Nota geral 1. Seminario de Integracao da Pesquisa Agropecuaria e Extensao Rural. Trabalhos apresentados<br/>Porto Alegre, RS (Brasil): 1976. p. 254-264<br/>(BR6008767-AM)L30<br/>
650 ## - ASSUNTO--TERMO TÓPICO
Cabeçalho tópico ou nome geográfico NUTRICAO ANIMAL
650 ## - ASSUNTO--TERMO TÓPICO
Cabeçalho tópico ou nome geográfico AVICULTURA
650 ## - ASSUNTO--TERMO TÓPICO
Cabeçalho tópico ou nome geográfico SORGO FORRAGEIRO
650 ## - ASSUNTO--TERMO TÓPICO
Cabeçalho tópico ou nome geográfico MILHO
650 ## - ASSUNTO--TERMO TÓPICO
Cabeçalho tópico ou nome geográfico SOJA
650 ## - ASSUNTO--TERMO TÓPICO
Cabeçalho tópico ou nome geográfico VALOR NUTRITIVO
650 ## - ASSUNTO--TERMO TÓPICO
Cabeçalho tópico ou nome geográfico RACAO
650 ## - ASSUNTO--TERMO TÓPICO
Cabeçalho tópico ou nome geográfico SUPLEMENTO MINERAL
650 ## - ASSUNTO--TERMO TÓPICO
Cabeçalho tópico ou nome geográfico CALCIO
650 ## - ASSUNTO--TERMO TÓPICO
Cabeçalho tópico ou nome geográfico ZINCO
650 ## - ASSUNTO--TERMO TÓPICO
Cabeçalho tópico ou nome geográfico FRANGO DE CORTE
650 ## - ASSUNTO--TERMO TÓPICO
Cabeçalho tópico ou nome geográfico GALINHA PARA POSTURA
773 0# - ENTRADA ANALÍTICA
Título 1. Seminario de Integracao da Pesquisa Agropecuaria e Extensao Rural. Trabalhos apresentados
Número de controle do registro L30 BR6008767
Partes relacionadas Porto Alegre, RS (Brasil), 1976. p. 254-264
909 ## -
-- 202404
-- Lucia
-- 55
-- Lucia Elande
942 ## - ELEMENTOS DE ENTRADA ADICIONADOS (KOHA)
Tipo de material Koha Capítulo-Livro
Fonte da classificação ou esquema de arquivamento na estante Classificação AGRIS
Exemplares
Situação do descarte Fonte da classificação ou esquema de arquivamento na estante Situação física Não pode ser emprestado Coleção Biblioteca de origem Biblioteca atual Localização na estante Total de empréstimos Número de telefone completo Data de último acesso Número do exemplar Tipo de material Koha Situação das perdas Data de aquisição Fonte de aquisição
  Classificação AGRIS       Biblioteca Nacional de Agricultura - Binagri Biblioteca Nacional de Agricultura - Binagri Agrobase - Acervo Geral   C00 BR7705601 20/05/2024 01 Capítulo-Livro   2024-04-11 Portaria Interministerial nº 164/94

BINAGRI

Telefone: (61)3218-2567/2388/3357/2097 - binagri@agro.gov.br

Ministério da Agricultura e Pecuária , Esplanada dos Ministérios, Bloco D, Anexo B, Brasília/DF, CEP: 70.043-900